00884nam a2200229 a 450000100100000000500170001000800410002704000250006808200150009310000270010824500480013526000520018330000370023550000760027250000590034850400320040759000270043965000210046691000370048795201130052499900170063700004453020250707112615.0140711s2001 dr d 000 0 spa d aDO-SdBNPbspacBNPHU a330bL735e1 aLinares, Manuel95345410aEconomía especializada /cManuel Linares. aSanto Domingo :bSomos Artes Gráficas,c2001. a220, [32] p. :bdiagr. ;c21 cm. aIncluye datos biográficos del autor en la solapa de la contracubierta aApéndice: Factores de interés compuesto P. 221-252 aBibliografía : p. 215-220 aInventariado, 2018/ YL 0aEconomia 985383 aValidado. Control de calidad MFF 0010718PDaPDbPDcHDd2014-07-11iLF1l0o330 L735ep44530-10r2020-06-25w2020-06-25yLFPDZNo se presta c44019d44019